000 00660nam a2200241 a 4500
001 0001-0944
003 ELIB.Books
008 140908 2010 eng
020 _aKBTS
035 _a(ELIB.Books)0001-1098
092 _aThesis
_bMau
100 _aMaung Shwe, Saw
245 _aA Strategy for Developing Cell-Based Ministry among Bwe Moh Bwa Association
260 _aKBTS; Insein
_bKaren Baptist Theological Seminary
_c2013
300 _c29.7 Cm
500 _aMaung Shwe, Saw
650 _aThesis
856 _nKBTS; Library
_uKBTS; Elib.
942 _2ddc
_cBK
990 _a1
998 _cbat
_e2014-09-08
999 _c10944
_d10944